Die Staatsordnung der Slowakischen Republik

Bibliographic Details
Main Authors: Tóth, Rastislav, 1947- (Author), Repta, Tibor (redaktor) (Author)
Corporate Author: Slovenská informačná agentúra (vyd)
Other Authors: Rasti, Robert (Photographer), Čenková, Elena (Photographer), Schreiber, Bedrich, 1926-1997 (gup), Rozborová, Lucia (Author of dialog)
Format: Book
Language:German
PhysicalDescription:8 s. fareb. fotogr., mp., noty 19x10 cm
Published: Bratislava Slowakische Informationsagentur 1996
ISBN:8080480605
Series:Slowakei - Kreuzung Europas
Subjects:

MARC

LEADER 00000nam a2200000 a 4500
001 vtls001219237
003 SK-MaSNL
005 20260425221938.0
008 160414s1996 xo 0 ger
015 |a SNBE1996/0200932 
020 |a 8080480605 
035 |a SNK000163318 
040 |a SNK  |b slo  |c SNK  |e AACR2 
041 0 |a ger 
044 |a xo  |c SK 
080 |a 342(437.6)(083.9)=30  |2 1981 
100 1 |a Tóth, Rastislav,  |d 1947-  |4 aut  |9 207398 
245 1 4 |a Die Staatsordnung der Slowakischen Republik  |c [Autor: Rastislav Tóth ; Foto Robert Rasti, Elena Čenková ; Graphisches Design Bedrich Schreiber ; Leitidee Tibor Repta, Lucia Rozborová] 
260 |a Bratislava  |b Slowakische Informationsagentur  |c 1996 
300 |a 8 s.  |b fareb. fotogr., mp., noty  |c 19x10 cm 
490 1 |a Slowakei - Kreuzung Europas 
500 |a Údaje o zodp. doplnené z tiráže 
651 7 |a Slovensko  |2 SNKPHgeo  |9 14231 
655 7 |a informačné publikácie  |2 SNK  |9 70181 
700 1 |a Rasti, Robert  |4 pht  |9 46472 
700 1 |a Čenková, Elena  |4 pht 
700 1 |a Schreiber, Bedrich,  |d 1926-1997  |4 gup  |9 160288 
700 1 |a Repta, Tibor  |c (redaktor)  |4 aut  |9 203474 
700 1 |a Rozborová, Lucia  |4 aud  |9 11392 
710 0 |a Slovenská informačná agentúra  |4 vyd  |9 33324 
830 0 |a Slowakei - Kreuzung Europas  |9 283634 
919 |a 80-8048-060-5 
958 |a TL 
958 |a BQ 
999 |c 538513  |d 540443 
952 |t P60, <09>, [BOOK], {629}  |a SNK  |b SNK  |y NEVYP  |7 0  |o snkD 293  |i snk2607/960809  |0 0  |1 0  |4 0  |d 1996-08-08  |l 0  |r 2005-01-01 00:00:00  |w 2026-02-23 
952 |t P60, <03>, [BOOK], {603}  |a SNK  |b SNK  |y PREZ  |7 0  |p 17A0008690  |o snkOSD 7799  |i snkKSP 6214/96  |0 0  |1 0  |4 0  |d 1996-08-08  |l 0  |r 2005-01-01 00:00:00  |w 2026-02-23 
952 |t P60, <04>, [BOOK], {604}  |a SNK  |b SNK  |y VYP  |7 0  |p 17A0008689  |o snkOSD 7799 D1  |i snkKSP 6215/96  |0 0  |1 0  |4 0  |d 1996-08-08  |l 0  |r 2005-01-01 00:00:00  |w 2026-02-23